| 000 | 00885nac a22002895a 4500 | ||
|---|---|---|---|
| 008 | 150823t2006 us a|||| |||| 001 0 eng d | ||
| 010 | _a 2006040877 | ||
| 020 | _a141600274X | ||
| 020 | _a0808923196 (International ed.) | ||
| 020 | _a9781416002741 | ||
| 035 | _a(OCoLC)ocm65197983 | ||
| 040 |
_aEG-Sc BUE _beng _cEG-Sc BUE |
||
| 082 | 0 | 4 |
_a616.070222 _bKLA _222 |
| 100 | 1 | _aKlatt, Edward C., | |
| 245 | 1 | 0 |
_aRobbins and Cotran atlas of pathology / _cEdward C. Klatt. |
| 246 | 3 | 0 | _aAtlas of pathology |
| 250 | _aInternational ed. | ||
| 260 |
_aPhiladelphia : _bSaunders Elsevier, _c2006. |
||
| 300 |
_axii, 529 p. : _bill. (chiefly col.) ; _c29 cm. |
||
| 500 | _aIndex :p. 509-529. | ||
| 590 | _adoha | ||
| 650 | 0 |
_aPathology _vAtlases. _2BUEsh _937689 |
|
| 650 | 0 |
_aPathology. _2BUEsh |
|
| 651 | _2BUEsh | ||
| 653 | _cAugust2015 | ||
| 942 |
_cNB _k616.07K666 _2ddc |
||
| 999 |
_c2785 _d2785 |
||